Lord of the Mysteries Acronoyms - Statistics

General Stats
  • This quiz has been taken 39 times
  • The average score is 11 of 19
Answer Stats
Hint Answer % Correct
LOTM Lord of the Mysteries
100%
COI Circle of Inevitability
90%
CF Cuttlefish That Loves Diving
80%
ASG Ancient Sun God
77%
CW Celestial Worthy of Heaven and Earth
73%
GA God Almighty
73%
KoA King of Angels
73%
GOO Great Old One
70%
MGOD Mother Goddess of Depravity
70%
MTOD Mother Tree of Desire
70%
EBS Eternal Blazing Sun
63%
TC True Creator
57%
ATS Above the Sequence
53%
KoL Key of Light
47%
CoD Calamity of Destruction
40%
OD Outer Deity
40%
FLotG Forsaken Land of the Gods
33%
HoT Hall of Truth
17%
MoD Monarch of Decay
7%
No matching quizzes found
Score Distribution
Percent of People with Each Score
Percentile by Number Answered
Your Score History
You have not taken this quiz